Grafická kontrola podniků

Na minha lista:
Detalhes bibliográficos
Formato: Livro
Idioma:tcheco
Publicado em: Praha Práce 1948
Tags: Adicionar Tag
Sem tags, seja o primeiro a adicionar uma tag!

MARC

LEADER 00000nam a2200000 4500
001 0267632
005 20240822101709.1
041 0 |a cze 
044 |a CZ 
245 1 0 |a Grafická kontrola podniků  |c František Šrogl 
264 1 |a Praha  |b Práce  |c 1948